Statistics for Richard Burton Filmography

Click here to take the quiz!

General Stats

  • This quiz has been taken 30 times
    (13 since last reset)
  • The average score is 25 of 170

Answer Stats

TypeYearName% Correct
Film1963Cleopatra
80%
Theater1953-1954Hamlet
80%
Film1964Becket
70%
Film1984Nineteen Eighty-Four
60%
Film1965The Spy Who Came in from the Cold
60%
Film1978The Wild Geese
60%
Film1968Where Eagles Dare
60%
Film1966Who's Afraid of Virginia Woolf?
60%
Film1952My Cousin Rachel
50%
Film1964The Night of the Iguana
50%
Film1953The Robe
50%
Film1956Alexander the Great
40%
Film1969Anne of the Thousand Days
40%
Film1977Equus
40%
Theater1974-1977Equus
40%
Film1959Look Back in Anger
40%
Film1971Raid on Rommel
40%
Film1953The Desert Rats
40%
Film1965The Sandpiper
40%
Film1972Under Milk Wood
40%
Radio Play1954, 1963Under Milk Wood
40%
Film1977Exorcist II: The Heretic
30%
Theater1951, 1955-1956Henry V
30%
Film1973Massacre in Rome
30%
Theater1955-1956Othello
30%
Film1967The Comedians
30%
Film1962The Longest Day
30%
Film1978The Medusa Touch
30%
Film1967The Taming of the Shrew
30%
Film1963The V.I.P.s
30%
Film1978Absolution
20%
Film1957Bitter Victory
20%
Film1968Boom!
20%
Film1979Breakthrough
20%
Theater1960-1963, 1980Camelot
20%
Film1968Candy
20%
Theater1966Doctor Faustus
20%
Film1967Doctor Faustus
20%
TV Mini-Series1984Ellis Island
20%
Theater1951Henry IV, Part 1
20%
Theater1951Henry IV, Part 2
20%
Theater1953-1954King John
20%
Theater1983Private Lives
20%
Film1972The Assassination of Trotsky
20%
TV Show1982The Fall Guy
20%
Film1974The Klansman
20%
Radio Play1949The Last Days of Dolwyn
20%
Film1949The Last Days of Dolwyn
20%
Film1955The Rains of Ranchipur
20%
Theater1953-1954The Tempest
20%
Theater1951The Tempest
20%
TV Film1960The Tempest
20%
Theater1953-1954Twelfth Night
20%
Film1965What's New Pussycat?
20%
Radio Play1965A Christmas Story
10%
Theater1950A Phoenix Too Frequent
10%
TV Film1960A Subject of Scandal and Concern
10%
Film1973Battle of Sutjeska
10%
Film1972Bluebeard
10%
TV Film1974Brief Encounter
10%
TV Show1961Camera Three
10%
Theater1948Castle Anna
10%
TV Show1952Celanese Theatre
10%
Film1981Circle of Two
10%
Theater1953-1954Coriolanus
10%
TV Show1977Dinah!
10%
TV Film1973Divorce His, Divorce Hers
10%
Theater1943Druid's Nest
10%
TV Show1958DuPont Show of the Month
10%
Short Documentary1962Dylan Thomas
10%
TV Show1974, 1977, 1978Film...
10%
Documentary1966Florence: Days of Destruction
10%
Radio Play1953Good for the Boy
10%
TV Show1983Great Performances
10%
Film1951Green Grow the Rushes
10%
TV Show1960, 1974Hallmark Hall of Fame
10%
Film1972Hammersmith Is Out
10%
Radio Play1956Henry of Agincourt
10%
TV Show1970Here's Lucy
10%
Radio Play1950Hippolytus
10%
Film1960Ice Palace
10%
Radio Play1948In Parenthesis
10%
Theater1951-1952Legend of Lovers
10%
Film1981Lovespell
10%
Theater1944Measure for Measure
10%
Radio Play1951Men of Steel, the Birth of a Giant
10%
Theater1952Montserrat
10%
TV Film1974Mooch
10%
TV Film1971Mooch Goes to Hollywood
10%
Radio Play1949New Judgement
10%
Radio Play1951Night Birds
10%
Radio Play1949Nightmare Abbey
10%
Radio Play1954Night Must Fall
10%
Film1949Now Barabbas
10%
Film1955Prince of Players
10%
Theater1964Richard Burton's Hamlet
10%
Radio Play1950Sea Flood
10%
Film1957Sea Wife
10%
Film1969Staircase
10%
Radio Play1951Taffy was a Welshman
10%
Theater1950The Boy with a Cart
10%
Film1960The Bramble Bush
10%
Film1967The Comedians in Africa
10%
TV Film1946The Corn Is Green
10%
Radio Play1945The Corn Is Green
10%
Radio Play1956The Dark Tower
10%
Radio Play1954The Duchess of Malfi
10%
TV Show1961, 1963, 1969The Ed Sullivan Show
10%
TV Show1977The Hollywood Greats
10%
Radio Play1950The Lady's Not for Burning
10%
Theater1949, 1950-1951The Lady's Not for Burning
10%
TV Show1974The Merv Griffin Show
10%
Radio Play1954The Old Vic Comes North
10%
Film1974The Voyage
10%
Film1950The Woman with No Name
10%
Short Documentary1954Thursday's Children
10%
Theater1957-1958Time Remembered
10%
Documentary1984To the Ends of the Earth
10%
Film1971Villain
10%
Radio Play1977Vivat Rex
10%
TV Mini-Series1981, 1983Wagner
10%
Film1950Waterfront
10%
Radio Play1953Younger Generation
10%
Film1964Zulu
10%
TV Show1958Alan Melville Takes You from A-Z
0%
Theater1961An Afternoon of Poetry
0%
TV Documentary1970A Nation Said Welcome
0%
Documentary Series1974Aquarius
0%
TV Documentary1980A Touch of Glory
0%
Documentary1968A Wall in Jerusalem
0%
TV Show1960BBC Sunday-Night Play
0%
TV Show1950BBC Sunday-Night Theatre
0%
TV Short1960Borrowed Pasture
0%
TV Show1960Buick-Electra Playhouse
0%
TV Documentary1967Burton and Taylor in Oxford
0%
TV Documentary1983Burton - A Portrait of a Superstar
0%
Film1978California Suite
0%
TV Show1968Contrasts
0%
Short TV Documentary2001Elizabeth Taylor and Richard Burton
0%
Short Documentary1965Eulogy to 5.02
0%
TV Show1982Gala Performance
0%
Short TV Documentary1997Great Romances of the 20th Century: Elizabeth Taylor and Richard Burton
0%
TV Documentary1983I, Leonardo: A Journey of the Mind
0%
Short Documentary1963Inheritance
0%
TV Show1980Live from Lincoln Center
0%
Short Documentary1959March to Amsterdam
0%
TV Show1951Michèle and René
0%
Documentary1978Mystery of the Sacred Shroud
0%
TV Documentary1966Per Firenze
0%
Short Documentary1968Robert Kennedy Remembered
0%
Theater1950Shall We Join the Ladies?
0%
Award Show1976The 30th Annual Tony Awards
0%
Award Show1983The 37th Annual Tony Awards
0%
Radio Series1950Theater Guild on the Air
0%
Short Documentary1965The Big Sur
0%
TV Show1979The Bob Hope Show
0%
Short Film1965The Days of Wilfred Owen
0%
TV Film1960The Fifth Column
0%
TV Film1974The Gathering Storm
0%
TV Special1967The Heart of Show Business
0%
TV Show1964, 1965The Jack Paar Program
0%
TV Show1956The James Mason Show
0%
Short TV Documentary2012The Richard Burton Diaries
0%
TV Show1966The Sammy Davis, Jr. Show
0%
TV Documentary1963The Uneasy Crown
0%
TV Documentary1969The Violent Universe
0%
Documentary1976Volcano: An Inquiry into the Life and Death of Malcolm Lowry
0%
Short Documentary1981Wales - Heritage of a Nation
0%
Documentary Series1960-1961Winston Churchill: The Valiant Years
0%
Short Film1967Wir Sterben Vor
0%

Score Distribution

Percentile by Number Answered

Percent of People with Each Score

Your Score History

You have not taken this quiz since the last reset